000 00577aas a2200181 4500
999 _c50143
_d50143
001 768714001
003 CO-MdFUSB
005 20170914115737.0
008 170914s2000 ag ||||| |||| 00| 0 spa d
022 _a0326-6737
040 _aCO-MdFUSB
_bspa
_cCO-MdFUSB
_dCO-MdFUSB
041 _aspa
100 1 _aRochon, Edith
_eautor
245 1 0 _aPensamientos sobre la diaconía cristiana
_c/ Rochon, Edith
300 _aVolumen 19 (2000), páginas 255-260
_c: 23 cm.
773 0 _tCuadernos de Teología
_049404
_959702
_gVolumen 19 (2000), páginas 255-260
_qPágina 255
942 _cANA